Metabolism and pathophysiology of bariatric surgery : (Record no. 121114)

MARC details
000 -LEADER
fixed length control field 01023cam a2200289Ii 4500
008 - FIXED-LENGTH DATA ELEMENTS--GENERAL INFORMATION
fixed length control field
020 ## - INTERNATIONAL STANDARD BOOK NUMBER
International Standard Book Number 9780128040119 (paperback)
040 ## - CATALOGING SOURCE
Original cataloging agency NUST
Transcribing agency NUST
049 ## - LOCAL HOLDINGS (OCLC)
Holding library MAIN
090 ## - LOCALLY ASSIGNED LC-TYPE CALL NUMBER (OCLC); LOCAL CALL NUMBER (RLIN)
Classification number (OCLC) (R) ; Classification number, CALL (RLIN) (NR) RD540
Local cutter number (OCLC) ; Book number/undivided call number, CALL (RLIN) MET
003 - CONTROL NUMBER IDENTIFIER
control field
005 - DATE AND TIME OF LATEST TRANSACTION
control field 20230120204323.0
245 00 - TITLE STATEMENT
Title Metabolism and pathophysiology of bariatric surgery :
Remainder of title nutrition, procedures, outcomes and adverse effects /
Statement of responsibility, etc. [edited by] Victor R. Preedy, Rajkumar Rajendram &. Colin R. Martin.
264 #1 - PRODUCTION, PUBLICATION, DISTRIBUTION, MANUFACTURE, AND COPYRIGHT NOTICE
Place of production, publication, distribution, manufacture Amsterdam :
Name of producer, publisher, distributor, manufacturer Academic Press,
Date of production, publication, distribution, manufacture, or copyright notice 2017.
300 ## - PHYSICAL DESCRIPTION
Extent xxvii, 655 pages :
Other physical details illustrations ;
Dimensions 28 cm.
336 ## - CONTENT TYPE
Content type term text
Content type code txt
Source rdacontent
337 ## - MEDIA TYPE
Media type term unmediated
Media type code n
Source rdamedia
338 ## - CARRIER TYPE
Carrier type term volume
Carrier type code nc
Source rdacarrier
500 ## - GENERAL NOTE
General note Includes index.
504 ## - BIBLIOGRAPHY, ETC. NOTE
Bibliography, etc. note ncludes bibliographical references.
650 #0 - SUBJECT ADDED ENTRY--TOPICAL TERM
Topical term or geographic name entry element Obesity
General subdivision Surgery.
700 1# - ADDED ENTRY--PERSONAL NAME
Personal name Preedy, Victor R
Relator term editor.
700 1# - ADDED ENTRY--PERSONAL NAME
Personal name Rajendram, Rajkumar
Relator term editor.
700 1# - ADDED ENTRY--PERSONAL NAME
Personal name Martin, Colin R
Relator term editor.
907 ## - LOCAL DATA ELEMENT G, LDG (RLIN)
a .b10400369
b 11-11-21
c 31-03-21
942 ## - ADDED ENTRY ELEMENTS (KOHA)
Koha item type Ordinary Loan Books
Call number prefix RD540
Call number suffix MET
Holdings
Date last seen Total Checkouts Full call number Barcode Cost, replacement price Price effective from Koha item type Lost status Source of classification or shelving scheme Damaged status Not for loan Collection Withdrawn status Home library Current library Shelving location Date acquired Cost, normal purchase price
01/20/2023   RD540 MET 92004047502 80.00 01/20/2023 BOOKS   LCC     NFIC   MEDICAL MEDICAL GEN 01/20/2023 80.00